[Event "Canadian op"]
[Site "Edmonton"]
[Date "2005.07.11"]
[Round "4"]
[White "Ross, Malcolm"]
[Black "Roberts, Richard"]
[Result "0-1"]
[WhiteElo "1251"]
[BlackElo "1533"]
[PlyCount "88"]
[EventDate "2005.07.09"]
[EventType "swiss"]
[EventRounds "10"]
[EventCountry "CAN"]
[SourceTitle "CBM 107 Extra"]
[Source "ChessBase"]
[SourceDate "2005.09.01"]
[SourceVersion "1"]
[SourceVersionDate "2005.09.01"]
[SourceQuality "1"]

1. c4 Nf6 2. Nf3 Nc6 3. Nc3 e5 4. d4 e4 5. d5 exf3 6. dxc6 fxg2 7. cxd7+ Bxd7 8. Bxg2 c6 9. Qb3 Qc7 10. Bg5 Be7 11. e3 0-0 12. 0-0-0 Be6 13. Bf4 Qc8 14. Rhg1 Rd8 15. Rxd8+ Bxd8 16. Be4 g6 17. Bf3 b5 18. h4 Bxc4 19. Qa3 Bd5 20. Bd1 h5 21. Bg5 Ne4 22. Bxd8 Qxd8 23. Bxh5 Qxh4 24. Nxe4 Qxe4 25. Qc5 Bxa2 26. f4 Qb1+ 27. Kd2 Qxg1 28. Be2 Rd8+ 29. Kc3 Qc1+ 30. Kb4 Qxc5+ 31. Kxc5 Bd5 32. b4 Be4 33. Bg4 Rd3 34. Bc8 Rxe3 35. Bb7 Kf8 36. Kd4 Re1 37. Kc5 Ke7 38. Bxc6 Bxc6 39. Kxc6 Rf1 40. Kxb5 Rxf4 41. Ka5 Kd6 42. b5 Rf5 43. Ka6 Kc5 44. Kxa7 Kxb5 0-1

[Event "Canadian op"]
[Site "Edmonton"]
[Date "2005.07.10"]
[Round "3"]
[White "Achtemichuk, Chris"]
[Black "Ross, Malcolm"]
[Result "1-0"]
[WhiteElo "1514"]
[BlackElo "1251"]
[PlyCount "159"]
[EventDate "2005.07.09"]
[EventType "swiss"]
[EventRounds "10"]
[EventCountry "CAN"]
[SourceTitle "CBM 107 Extra"]
[Source "ChessBase"]
[SourceDate "2005.09.01"]
[SourceVersion "1"]
[SourceVersionDate "2005.09.01"]
[SourceQuality "1"]

1. e4 e5 2. Nf3 Nc6 3. Bc4 Nf6 4. Ng5 d5 5. exd5 Nxd5 6. Nxf7 Kxf7 7. Qf3+ Qf6 8. Bxd5+ Be6 9. Bxc6 bxc6 10. Qxc6 Bd6 11. Nc3 Qd8 12. d3 Rf8 13. 0-0 Kg8 14. Ne4 Bd7 15. Qd5+ Kh8 16. Bd2 Rb8 17. Bc3 Qe7 18. Ng3 Rb6 19. a3 Rb5 20. Qa2 Bc6 21. Rae1 Qh4 22. Qc4 Qxc4 23. dxc4 Rc5 24. b3 a5 25. Ne4 Bxe4 26. Rxe4 Rf4 27. Rfe1 Rxe4 28. Rxe4 Kg8 29. b4 axb4 30. axb4 Rc6 31. c5 Bxc5 32. bxc5 Rxc5 33. Re2 Rxc3 34. Kf1 Kf7 35. Ke1 Kf6 36. Kd2 Rc4 37. c3 e4 38. Kc2 Ke5 39. Kb3 Rc6 40. f3 Rb6+ 41. Kc2 Ra6 42. Rxe4+ Kf5 43. g4+ Kf6 44. h4 Re6 45. Kd3 Rd6+ 46. Kc4 Rd2 47. Kc5 Rd3 48. Rf4+ Ke5 49. Rf5+ Ke6 50. c4 g6 51. Rf8 Rd7 52. Kc6 Rd4 53. Re8+ Kf7 54. Re4 Rd3 55. Rf4+ Ke6 56. Kxc7 Ke5 57. Re4+ Kf6 58. Rf4+ Ke5 59. Rf7 Rc3 60. Re7+ Kd4 61. Kd6 Rxf3 62. c5 Rf6+ 63. Re6 Rxe6+ 64. Kxe6 Kxc5 65. Ke5 Kc6 66. Kf6 Kd6 67. Kf7 Ke5 68. Kg7 g5 69. h5 Kf4 70. Kxh7 Kxg4 71. Kg6 Kf4 72. h6 g4 73. h7 g3 74. h8Q g2 75. Qd4+ Kg3 76. Qg1 Kh3 77. Kf5 Kg3 78. Kg5 Kf3 79. Kh4 Kf4 80. Qxg2 1-0